000 01062nam a2200241Ia 4500
003 OSt
005 20200730160937.0
008 191128s1996 ck fr 000 0 spa d
020 _a9586162745
040 _aCO-JMCR
_cCO-JMCR
041 0 _aspa
082 0 4 _a342.066861 /
_bM842p
_223
100 1 _aMorelli Rico, Sandra,
_eautora
_98208
245 1 3 _aLa participación en el procedimiento administrativo y en el proceso contencioso administrativo /
_cSandra Morelli Rico
250 _aPrimera edición
260 _aBogotá :
_bUniversidad Externado de Colombia,
_c1996
300 _a48 páginas ;
_c20 cm.
490 0 _aTemas de derecho público ;
_v40
505 0 _tLa experiencia política colombiana y su influencia en el primer constitucionalismo mexicano /
_rManuel Ferrer Muñoz
_tEn torno a la crisis de las ideas de presentación y de legitimidad en la democracia actual /
_rPedro de vega García
650 1 4 _aProcedimiento administrativo
_zColombia
_98209
650 1 4 _aProcedimiento contencioso administrativo
_zColombia
_98210
942 _2ddc
_cBK
999 _c4239
_d4239